000 01153nam a22001337a 4500
999 _c533177
_d533177
008 260428b ||||| |||| 00| 0 eng d
100 _a Hossain, Babul
_960294
245 _aAgeing with absent family financial support: Gendered health risks across the North South gradient
260 _aEconomic & Political Weekly
300 _a61(9), Feb 28, 2026: p.79-84
520 _aFamily-based financial support has traditionally been central to old-age care in India. Given the gendered and spatial experiences of ageing, it is important to identify groups of older adults who are more vulnerable to adverse health outcomes when such financial support is absent. Utilising the Longitudinal Ageing Study in India, this paper finds that widowed, poor, and SC/ST or OBC women represented the most common intersectional positionality among older adults who faced a particularly high risk of adverse health outcomes when faced with a lack of informal financial support. –Reproduced https://www.epw.in/journal/2026/9/ageing-health-and-social-security/ageing-absent-family-financial-support.html
773 _aEconomic & Political Weekly
942 _cAR